| 000 | 00602nam a2200145Ia 4500 | ||
|---|---|---|---|
| 008 | 191206s9999 xx 000 0 und d | ||
| 020 | _a800660072 | ||
| 090 | _aBS157S.3.W64213 | ||
| 245 | 0 | _aJoel and Amos: a commentary on the books of the Prophets Joel and Amos | |
| 260 | _aFortress Press | ||
| 260 | _bHermeneia--a critical and historical commentary on the Bible | ||
| 260 | _ccc1977 | ||
| 300 | _a"xxiv, 392 p., [1] leaf of plates : ill. ; 25 cm." | ||
| 999 |
_c16291 _d16291 |
||